Southville International School and Colleges
Your cart is empty.
  • Cart
  • Lists
    Public lists Eva Luna New books Lux_list list_1
    Your lists Log in to create your own lists
  • Log in to your account
  • Your cookies
  • Search history
Southville International School and Colleges
  • Advanced search
  • Recent comments
  • Most popular
  • Libraries

Log in to your account

Log in with GOOGLE


If you do not have an external account, but do have a local account, you can still log in:

  1. Home
  2. MARC view: Hospital work /
Normal view MARC view ISBD view

Hospital work / (Record no. 109948)

[ view plain ]
MARC details
000 -LEADER
fixed length control field 00448nam a2200169 a 4500
001 - CONTROL NUMBER
control field 1683
005 - DATE AND TIME OF LATEST TRANSACTION
control field 20140414131846.0
008 - FIXED-LENGTH DATA ELEMENTS--GENERAL INFORMATION
fixed length control field 001109s19uu xx 00 eng d
020 ## - INTERNATIONAL STANDARD BOOK NUMBER
International Standard Book Number 0-431-00944-9
050 ## - LIBRARY OF CONGRESS CALL NUMBER
Classification number M 362.11
Item number B15 1991
100 ## - MAIN ENTRY--PERSONAL NAME
Personal name Bailey, Donna
245 ## - TITLE STATEMENT
Title Hospital work /
Statement of responsibility, etc Donna Bailey.
260 ## - PUBLICATION, DISTRIBUTION, ETC. (IMPRINT)
Place of publication, distribution, etc Oxford :
Name of publisher, distributor, etc Heinemann Children's Reference,
Date of publication, distribution, etc 1991.
300 ## - PHYSICAL DESCRIPTION
Extent 48 p. : ill. ; cm.
650 ## - SUBJECT ADDED ENTRY--TOPICAL TERM
Topical term or geographic name as entry element Hospitals.
Holdings
Withdrawn status Lost status Damaged status Use restrictions Home library Current library Shelving location Date acquired Source of acquisition Total Checkouts Full call number Barcode Date last seen Price effective from Koha item type
        Munich Library Munich Library Main Section 12/29/2004     M 362.11 B15 1991 M0151 04/14/2014 04/14/2014 Books

Hospital work /

APA

Bailey D., . (1991). Hospital work. Oxford: Heinemann Children's Reference.

Chicago

Bailey Donna, . 1991. Hospital work. Oxford: Heinemann Children's Reference.

Harvard

Bailey D., . (1991). Hospital work. Oxford: Heinemann Children's Reference.

MLA

Bailey Donna, . Hospital work. Oxford: Heinemann Children's Reference. 1991.

  • Place hold
  • Print
  • Cite
  • Add to your cart (remove)
  • Save record
    BIBTEX Dublin Core MARCXML MARC (non-Unicode/MARC-8) MARC (Unicode/UTF-8) MARC (Unicode/UTF-8, Standard) MODS (XML) RIS
  • More searches
    Search for this title in:
    Other Libraries (WorldCat) Other Databases (Google Scholar) Online Stores (Bookfinder.com) Open Library (openlibrary.org)

Exporting to Dublin Core...

SOUTHVILLE LIBRARY

Southville International School and Colleges Library

1281 Tropical Ave. Cor. Luxembourg St., BF Homes International, Las Pinas City

Tel. No. 8256374 / 252358 Loc. 117/146

Powered by Koha